000 00356nam a22001457a 4500
082 _a920
_bPOT/L
100 _aPOTTEKKAD, S K
245 _aLONDON NOTE BOOK
246 _aLONDON NOTE BOOK
_bLONDON NOTE BOOK
260 _aKOTTAYAM, KERALA, INDIA
_bD C BOOKS
_c2023
300 _a83
520 _aTRAVALOGUES
650 _aMALAYALAM TRAVALOGUES
942 _cBK
999 _c8665
_d8665